Исследование цен на рынке мороженого; Энергия молодых - экономике России; [Ч. 1]

Bibliografiske detaljer
Parent link:Энергия молодых - экономике России: труды VIII Международной научно-практической конференции студентов и молодых ученых, г. Томск, 19-22 марта 2007 г./ Томский политехнический университет (ТПУ) ; Вольное экономическое общество России (ВЭО России) ; Международный союз экономистов (МСЭ).— , 2007
[Ч. 1].— 2007.— С. 283-285
Hovedforfatter: Иванова Е. В.
Andre forfattere: Ослопова Ю. Ю. (научный руководитель), Кобзева М., Мациевский Н. С. Николай Станиславович
Sprog:russisk
Udgivet: 2007
Fag:
Format: MixedMaterials Book Chapter
KOHA link:https://koha.lib.tpu.ru/cgi-bin/koha/opac-detail.pl?biblionumber=132560

MARC

LEADER 00000naa2a2200000 4500
001 132560
005 20231031134923.0
035 |a (RuTPU)RU\TPU\book\143539 
090 |a 132560 
100 |a 20080304d2007 k y0rusy50 ca 
101 0 |a rus 
102 |a RU 
200 1 |a Исследование цен на рынке мороженого  |f Е. В. Иванова, Ю. Ю. Ослопова, М. Кобзева  |g науч. рук. Н. С. Мациевский 
461 0 |0 (RuTPU)RU\TPU\book\169966  |t Энергия молодых - экономике России  |o труды VIII Международной научно-практической конференции студентов и молодых ученых, г. Томск, 19-22 марта 2007 г.  |f Томский политехнический университет (ТПУ) ; Вольное экономическое общество России (ВЭО России) ; Международный союз экономистов (МСЭ)  |d 2007 
463 0 |0 (RuTPU)RU\TPU\book\136477  |t [Ч. 1]  |v С. 283-285  |d 2007 
610 1 |a мороженое 
610 1 |a рынок 
610 1 |a цены 
610 1 |a потребление 
610 1 |a достаток 
610 1 |a США 
610 1 |a Россия 
610 1 |a труды учёных ТПУ 
700 1 |a Иванова  |b Е. В. 
701 1 |a Ослопова  |b Ю. Ю. 
701 1 |a Кобзева  |b М. 
702 1 |a Мациевский  |b Н. С.  |c российский экономист  |c доцент Томского политехнического университета  |f 1950-  |g Николай Станиславович  |2 stltpush  |4 727 
801 1 |a RU  |b 63413507  |c 20080304  |g PSBO 
801 2 |a RU  |b 63413507  |c 20161007  |g PSBO 
942 |c BK